Монахи-волшебники; Рассказы о людях необычайных

Bibliographic Details
Main Author: Пу Сунлин (Ляо Чжай)
Other Authors: Алексеев В. М. (переводчик)
Summary:Пу Сунлин. Рассказы о людях необычайных
Language:Russian
Published: Москва, Правда, 1988
Subjects:
Format: Book
KOHA link:https://koha.lib.tpu.ru/cgi-bin/koha/opac-detail.pl?biblionumber=129268

MARC

LEADER 00000nam0a2200000 4500
001 129268
005 20260113133017.0
035 |a (RuTPU)RU\TPU\book\139907 
090 |a 129268 
100 |a 20080122d1988 m y0rusy5003 ca 
101 1 |a rus  |c chi 
102 |a RU 
105 |a a z 000ay 
200 1 |a Монахи-волшебники; Рассказы о людях необычайных  |f Пу Сунлин (Ляо Чжай)  |g пер. с кит. и предисл. В. М. Алексеев 
210 |a Москва  |c Правда  |d 1988 
215 |a 560 с.  |c ил.  |d 21 см 
300 |a Пу Сунлин. Рассказы о людях необычайных 
606 |a Китайская литература  |9 40827 
610 1 |a новеллы 
610 1 |a художественная проза 
610 1 |a художественная литература 
610 1 |a рассказы 
675 |a 895.1  |v 4 
700 0 |a Пу Сунлин (Ляо Чжай)  |4 070 
702 1 |a Алексеев  |b В. М.  |4 730 
801 0 |a RU  |b RuMRKP  |c 19950417  |g psbo 
801 1 |a RU  |b 63413507  |c 20080122  |g PSBO 
801 2 |a RU  |b 63413507  |c 20080228  |g PSBO 
942 |c BK